Iontová nitridace v praxi /

Salvato in:
Dettagli Bibliografici
Autori principali: Hrubý, Vojtěch (Autore), Holemář, Alois (Autore)
Natura: Libro
Lingua:ceco
Pubblicazione: Praha : SNTL, 1989
Edizione:1.vyd.
Soggetti:
Tags: Aggiungi Tag
Nessun Tag, puoi essere il primo ad aggiungerne!!

MARC

LEADER 00000nam a22000003a 4500
001 stu36902
005 20150617225728.2
008 920624s1989----cs------------------cze-d
040 |a STU  |b slo 
041 0 |a cze 
044 |a cs 
080 |a 621.785.53 
100 1 |a Hrubý, Vojtěch  |4 aut 
245 1 |a Iontová nitridace v praxi /  |c [aut.]Alois Holemář, Vojtěch Hrubý 
250 |a 1.vyd. 
260 |a Praha :  |b SNTL,  |c 1989 
300 |a 242 s 
650 7 |a Nitridácia iontová  |2 stusub 
700 1 |a Holemář, Alois  |4 aut 
996 |b 284M017278  |c M*7656-1  |l MMKN  |s A  |a 24  |w stu36902_0001